00600 2200229 4500001002100000005001700021008004100038020001800079035002400097040001200121082001200133090002300145100002200168245004200190250001000232260003100242300002500273650002400298850001200322990001700334990001900351YOGYA-0611000000007020110608150931.0 ind  a979-21-0814-9 0010-061100000000070 aYOPDYOG a634.772 aSel 634.772bSup A aSUPRAPTI, M. Lies aAneka olahan pisangcM. Lies Suprapti aCet.5 aYogyakartabKanisiusc2009 a116 hlmbilusc23 cm aPisang - Pengolahan aYOPDYOG a130-Sel/B.11 a129- Sel/ B.11